Štát sa vzdáva ďalšieho majetku, nie však kontroly nad ním
Odporúčanie auditu štátnej správy vytvoriť novú právnu formu pre vybrané štátne organizácie, ktoré nemožno zrušiť ani zlúčiť, pretože poskytujú služby vo verejnom záujme a nad ich výkonom by si mal štát zachovať kontrolu. Problémový majetok. Zmysel premeny štátnych organizácií na neziskové. Viaczdro...
Salvato in:
| Autore principale: | |
|---|---|
| Natura: | Capitolo di libro |
| Lingua: | slovacco |
| Soggetti: | |
| Tags: |
Nessun Tag, puoi essere il primo ad aggiungerne!!
|
MARC
| LEADER | 00000naa a2200000 4500 | ||
|---|---|---|---|
| 001 | r045361 | ||
| 005 | 20230921114147.5 | ||
| 041 | 0 | |a slo | |
| 044 | |a SK | ||
| 245 | 1 | 0 | |a Štát sa vzdáva ďalšieho majetku, nie však kontroly nad ním |c Andrea Medžová |
| 520 | |a Odporúčanie auditu štátnej správy vytvoriť novú právnu formu pre vybrané štátne organizácie, ktoré nemožno zrušiť ani zlúčiť, pretože poskytujú služby vo verejnom záujme a nad ich výkonom by si mal štát zachovať kontrolu. Problémový majetok. Zmysel premeny štátnych organizácií na neziskové. Viaczdrojové financovanie. | ||
| 610 | 2 | 0 | |a organizácie rozpočtové |
| 610 | 2 | 0 | |a organizácie príspevkové |
| 610 | 2 | 0 | |a organizácie neziskové |
| 610 | 2 | 0 | |a organizácie verejnoprospešné |
| 610 | 2 | 0 | |a transformácia |
| 610 | 2 | 0 | |a majetok |
| 610 | 2 | 0 | |a štát |
| 610 | 2 | 0 | |a kontrola |
| 610 | 2 | 0 | |a financovanie |
| 610 | 2 | 0 | |a Slovensko |
| 100 | 1 | |a Medžová, Andrea | |